| 000 | 00441pab a2200145 454500 | ||
|---|---|---|---|
| 008 | 180718b1987 xxu||||| |||| 00| 0 eng d | ||
| 100 | _aRobins, James A. | ||
| 245 |
_aOrganisational economics _bNotes on the use of transaction cost theory in the study of organisations |
||
| 260 | _c1987 | ||
| 300 | _a68-86 | ||
| 362 | _aMar. | ||
| 650 | _aOrganisation - Study and Teaching | ||
| 773 | _aAdministrative Science Quarterly | ||
| 909 | _a14612 | ||
| 999 |
_c14612 _d14612 |
||